000 01955nam a2200205 a 4500
008 180523s2014 es ||||gr|||| 000 f spa d
020 _a9788466655569
041 _aspa
092 _c808
_l53
_sMOR
100 1 _aMorrissey, Di
_93967
245 3 _aEl secreto de la perla.
_bLa emocionante historia de un amor infinito /
_cDi Morrissey
250 _a1a ed.
_bTraducción Efren del Valle
260 _aBarcelona:
_bEdiciones B;
_c2014.
300 _a538 p.
500 _aMorrissey, D. (2014). El secreto de la perla. La emocionante historia de un amor infinito. (1a ed.). Barcelona : Ediciones B.
505 _aNunca antes, desde El pájaro canta hasta morir, se ha retratado tan intensa y vívidamente el exuberante y romántico paisaje de Australia. Una emocionante novela firmada por Di Morrissey, la autora de mayor éxito en Oceanía, con más de veinte títulos publicados y dos millones de ejemplares vendidos, y que llega por fin a nuestro país. Broome, Australia, 1893. Es la época dorada, deslumbrante, salvaje y apasionada de la industria de la perla. Allí los inmigrantes europeos encuentran un continente inexplorado y la antigua cultura aborigen. Es en este contexto que la joven Olivia Hennessy se encuentra con el gallardo capitán Tyndall, quien le hace una tentadora oferta: que se una a él en sus actividades relacionadas con la pesca perlera. Sídney, Australia, 1995. Lily Barton es una mujer hermosa, brillante como el nácar. No sabe cuáles son su orígenes, y siempre se ha sentido ansiosa por aprender más sobre su pasado. Buscando hallar su identidad y su legado, se embarca hacia Broome en busca de sus raíces familiares. Allí descubrirá el diario de su bisabuela Olivia. Pero su búsqueda de una identidad revela mucho más de lo que podía haber imaginado. Pronto descubrirá el secreto de la perla.
590 _aProyecto 4to. Donación Victoria Lara, mayo 2018.
655 _aLiteratura
_92917
942 _2ddc
_cLIT
999 _c2754
_d2754